Montreal Subway Stations Quiz Stats

 Plays Quiz not verified by Sporcle

Support Sporcle.
Go Orange.
Score 0/10 Timer 03:00
0 Plays Today
Station Name % Correct
Station #4Mcgill
86.4%
Station #1Atwater
63.6%
Station #7Berri-uqam
52.3%
Station #5Place-des-arts
50%
Station #6Saint Laurent
50%
Station #3Peel
47.7%
West Bound TrainAngrignon
45.5%
Station #2Guy-concordia
38.6%
East BoundHonore-Beaugrand
34.1%
Parc-Jean Drapeauile sainte helene
15.9%

You're not logged in!

Compare scores with friends on all Sporcle quizzes.
OR
Log In

From the Vault

Up & Down, In & Out Words

by danmart1n

This quiz has its fair share of ups and downs. (Also, some ins and outs.)
Remove Ads.
Support Sporcle.
Get the best of Sporcle when you Go Orange. This ad-free experience offers more features, more stats, and more fun while also helping to support Sporcle. Thank you for becoming a member.

Show Comments

Extras

Created Feb 13, 2011ReportNominate
Tags:montreal, station, Subway

Top Quizzes Today


Score Distribution

Your Account Isn't Verified!

In order to create a playlist on Sporcle, you need to verify the email address you used during registration. Go to your Sporcle Settings to finish the process.

Report this User

Report this user for behavior that violates our Community Guidelines.

Details: